UBT Library

Nationalism and the breakup of an empire : (Record no. 159)

000 -LEADER
fixed length control field 00699pam a2200205 a 4500
005 - DATE AND TIME OF LATEST TRANSACTION
control field 20131028060325.0
008 - FIXED-LENGTH DATA ELEMENTS--GENERAL INFORMATION
fixed length control field 920116s1992 ctu b 001 0 eng
020 ## - INTERNATIONAL STANDARD BOOK NUMBER
International Standard Book Number 0275943208
080 ## - UNIVERSAL DECIMAL CLASSIFICATION NUMBER
Universal Decimal Classification number 323.1
Common auxiliary subdivision (47)
245 00 - TITLE STATEMENT
Title Nationalism and the breakup of an empire :
Statement of responsibility, etc edited by Miron Rezun.
260 ## -
-- Westport, Conn. :
-- Praeger,
-- 1992.
300 ## -
-- x, 197 p. ;
-- 24 cm.
500 ## -
-- Preface : f.[IX] - X
504 ## - BIBLIOGRAPHY, ETC. NOTE
Bibliography, etc Includes bibliographical references (p. [179]-183) and index.
650 #0 -
-- Minoritetet
-- Unioni Sovjetik
650 #0 -
-- Nacionalizmi
-- Unioni Sovjetik
651 #0 -
-- Soviet Union
-- Marrëdhëniet etnike
700 1# -
-- Rezun, Miron.
942 ## - ADDED ENTRY ELEMENTS (KOHA)
Source of classification or shelving scheme
Item type Books
Holdings
Withdrawn status Lost status Source of classification or shelving scheme Damaged status Not for loan Collection code Permanent location Current location Shelving location Date acquired Total Checkouts Full call number Barcode Date last seen Price effective from Koha item type
          Koleksioni i përgjithshem UBT - Prishtine UBT - Prishtine Koleksioni i lëndeve mesimore 10/28/2013   323.1 (47) REZ 001-000175 10/28/2013 10/28/2013 Books
UBT Library © 2015-2024. All rights reserved University Education for Business and Technology